000 00719nam a2200229Ia 4500
003 GCL
008 140319s9999 xx 000 0 ara d
040 _aGCL /
_cGCL
082 0 4 _a258.1
_bم ا
100 1 _aمحمد ابوزهرة
245 1 0 _aابوحنيفة : حياته وعصره اراؤة وفقهة /
_cمحمد ابوزهرة
260 _a[S.N] :
_bدار الفكر العربى ،
_c1991
300 _a414 ص
490 _a
650 0 4 _aالاسلام
650 0 4 _aالفقه الاسلامى
650 0 4 _aالمذاهب الاسلامية
650 0 4 _aابوحنيفة النعمان
650 0 4 _aالمذهب الحنفى
650 0 4 _aالنعمان بن ثابت
942 _2ddc
_cBK
999 _c31277
_d31277